000 00732nam 22002053 4500
001 199277
010 _a978-972-31-1289-4
021 _aPT
_b294164/09
090 _a199277
100 _a20251126d u||y0pory50 ba
200 _aOs operários e as suas máquinas
_eusos sociais da técnica no trabalho vidreiro
_fEmília Margarida Marques
210 _a[Lisboa]
_cFundação Calouste Gulbenkian, Fundação para a Ciência e a Tecnologia
_d2009
215 _a452 p.
_cil. ; brochado
_d23 cm
225 _aTextos universitários de ciências sociais
606 _935
_aSociologia. Demografia.Estatística
675 _a31
_vPT
_zpor
700 _96654
_a Marques
_bEmília Margarida
801 _aPT
_bBMMN
_gRPC
830 _cVanda
990 _cLIVROS